000 00661nam a2200241Ia 4500
001 1090
003 GE_BSU
008 181216s||||||||xx |||||||||||||| ||und||
020 _a9666372495
040 _cGE_BSU
080 _a616(075.8)
100 _aТопоров,Г.Н.
245 _aКлиническая анатомия лица
245 _bУчебное пособие для студ.и врачей-интернов
260 _aХарьков
260 _bФакт
260 _c2005
300 _a271стр.
541 _h7л.
653 _aКлиническая анатомия лица
653 _aмедицина
942 _cBK
999 _c35243
_d35243